Statistics for Biggest cities in serbia

Click here to take the quiz!

General Stats

  • This quiz has been taken 37 times
  • The average score is 7 of 9

Answer Stats

HintAnswer% Correct
98%belgrade
100%
97%novi sad
97%
96%nis
89%
94%kragujevac
80%
95%subotica
66%
91%cacak
60%
90%novi pazar
60%
92%kraljevo
57%
93%zrenjanin
54%

Score Distribution

Percentile by Number Answered

Percent of People with Each Score

Your Score History

You have not taken this quiz